القيامة في ضوء العلم الحديث :هل جهنم ثقب أسود؟ / (رقم التسجيلة. 132783)

تفاصيل مارك
000 -LEADER
fixed length control field 00755nam a22002177a 4500
005 - DATE AND TIME OF LATEST TRANSACTION
control field 20251108175359.0
008 - FIXED-LENGTH DATA ELEMENTS--GENERAL INFORMATION
fixed length control field 250721s2009 xx 000 0 ara d
082 14 - DEWEY DECIMAL CLASSIFICATION NUMBER
Classification number 214.5/محم
100 1# - MAIN ENTRY--PERSONAL NAME
Personal name محمد الحفيان، محمد سعيد
Relator term مقدم
245 10 - TITLE STATEMENT
Title القيامة في ضوء العلم الحديث :هل جهنم ثقب أسود؟ /
264 1# - PRODUCTION, PUBLICATION, DISTRIBUTION, MANUFACTURE, AND COPYRIGHT NOTICE
Place of production, publication, distribution, manufacture الخرطوم :
Name of producer, publisher, distributor, manufacturer شركة مطابع السودان للعملة،
Date of production, publication, distribution, manufacture, or copyright notice 2009.
300 ## - PHYSICAL DESCRIPTION
Extent 442 ص.
650 17 - SUBJECT ADDED ENTRY--TOPICAL TERM
Topical term or geographic name as entry element اليوم الآخر
650 17 - SUBJECT ADDED ENTRY--TOPICAL TERM
Topical term or geographic name as entry element العقيدة الدينية
650 17 - SUBJECT ADDED ENTRY--TOPICAL TERM
Topical term or geographic name as entry element جهنم
650 17 - SUBJECT ADDED ENTRY--TOPICAL TERM
Topical term or geographic name as entry element الإسلام
700 1# - ADDED ENTRY--PERSONAL NAME
Personal name محمود، الطيب
Relator term مقدم
700 1# - ADDED ENTRY--PERSONAL NAME
Personal name محمد (الحفيان)، محمد سعيد
942 ## - ADDED ENTRY ELEMENTS (KOHA)
Source of classification or shelving scheme Dewey Decimal Classification
Koha item type كتب
المقتنيات
حالة السحب حالة الفقدان مصدر التصنيف حالة التلف غير قابل للإعارة المكتبة الرئيسية المكتبة الحالية موقع الرف تاريخ التزويد الرقم المتسلسل Total Checkouts رقم الإستدعاء الباركود تاريخ آخر ظهور تاريخ الفاتورة نوع المادة (كوها)
    Dewey Decimal Classification     المكتبة المركزية المكتبة المركزية الإعارة 28/07/2025 1614053   214.5/محم PLD00354293 28/07/2025 28/07/2025 كتب
Implemented & Customized by: BBB with SCIT (Smart Chains for Information Technology)

Powered by Koha